| 000 | 01000nam a22002057a 4500 | ||
|---|---|---|---|
| 003 | OSt | ||
| 005 | 20260526115528.0 | ||
| 008 | 260526b |||||||| |||| 00| 0 eng d | ||
| 020 | _a9789357759304 | ||
| 082 |
_a891.4309 _bM27H |
||
| 100 | _aमाहेश्वरी, प्रेमचंद्र | ||
| 245 |
_aहिंदी रामकाव्य का स्वरुप और विकास _b: बदलते युगबोध के परिप्रेक्ष्य में _cby माहेश्वरी प्रेमचंद्र |
||
| 260 |
_aनई दिल्ली _bलेखश्री पब्लिकेशन _c2023 |
||
| 300 |
_a368p. _bHardback |
||
| 546 | _aHindi | ||
| 650 | _2हिंदी कविता -- इतिहास और आलोचना | ||
| 650 | _2हिंदी कविता -- रामभक्ति शाखा | ||
| 650 | _2हिंदी साहित्य में रामायण | ||
| 942 |
_2ddc _cBK |
||
| 999 |
_c29506 _d29506 |
||